000 00555cam a2200217ua 4500
001 7753
008 141223n ii |||gr||||Z||||||eng
020 _a9788131604151
040 _cMAIN
041 _aeng
082 _a909.04924
100 _aKnott, K.,
_eEditor.
245 1 _aDiasporas :
_bConcepts, intersections, identities /
_cEdited by Kim Knott .
250 _a1st.
260 _aJaipur:
_bRawat,
_c2011.
300 _aviii,319p.
653 _aWorld history
653 _aJewish history
700 _aMcloughlin, S.,
_eEditor.
942 _cBK
999 _c6874
_d6874